Pheromones and animal behavior : Chemical signals and signatures

Pheromones and other kinds of chemical communication underlie the behavior of all animals. Building on the strengths of the first edition, widely recognized as the leading text in the subject, this is a comprehensive overview of how pheromones work

Wedi'i Gadw mewn:
Manylion Llyfryddiaeth
Prif Awdur: Wyatt, Tristram D.
Fformat: Llyfr
Iaith:Undetermined
Cyhoeddwyd: Cambridge Cambridge University Press 2014
Pynciau:
Tagiau: Ychwanegu Tag
Dim Tagiau, Byddwch y cyntaf i dagio'r cofnod hwn!
Thư viện lưu trữ: Trung tâm Học liệu Trường Đại học Cần Thơ
LEADER 00841nam a2200205Ia 4500
001 CTU_238238
008 210402s9999 xx 000 0 und d
082 |a 591.59 
082 |b W975 
100 |a Wyatt, Tristram D. 
245 0 |a Pheromones and animal behavior : 
245 0 |b Chemical signals and signatures 
245 0 |c Tristram D. Wyatt 
260 |a Cambridge 
260 |b Cambridge University Press 
260 |c 2014 
520 |a Pheromones and other kinds of chemical communication underlie the behavior of all animals. Building on the strengths of the first edition, widely recognized as the leading text in the subject, this is a comprehensive overview of how pheromones work 
650 |a Giao tiếp động vật,Animal Communication 
910 |b nthai 
980 |a Trung tâm Học liệu Trường Đại học Cần Thơ